Central Library OPAC University of Rajshahi

Eastern Europe 1740-1985 : (Record no. 63859)

MARC details
000 -LEADER
fixed length control field 00762nam a2200265 a 4500
001 - CONTROL NUMBER
control field 63859
003 - CONTROL NUMBER IDENTIFIER
rucl marc code BD-RjUL
005 - DATE AND TIME OF LATEST TRANSACTION
control field 20211209081236.0
008 - FIXED-LENGTH DATA ELEMENTS--GENERAL INFORMATION
fixed length control field 170204r19921986enkb b 001 0 eng d
020 ## - INTERNATIONAL STANDARD BOOK NUMBER
International Standard Book Number 041508489X
035 ## - SYSTEM CONTROL NUMBER
System control number BD-RjUL63989
040 ## - CATALOGING SOURCE
Original cataloging agency BD-RjUL
Language of cataloging eng
Transcribing agency BD-RjUL
041 ## - LANGUAGE CODE
Language code of text/sound track or separate title eng
082 ## - DEWEY DECIMAL CLASSIFICATION NUMBER
Edition number 23
Classification number 947.06
Author mark and year OKE 1992
090 ## - LOCALLY ASSIGNED LC-TYPE CALL NUMBER (OCLC); LOCAL CALL NUMBER (OCLC)
Classification number (OCLC) (R) ; Classification number, CALL (RLIN) (NR) DJK38.OKE
100 1# - MAIN ENTRY--PERSONAL NAME
Personal name Okey, Robin.
9 (RLIN) 189610
245 10 - TITLE STATEMENT
Title Eastern Europe 1740-1985 :
Remainder of title feudalism to communism /
Statement of responsibility, etc. Robin Okey
250 ## - EDITION STATEMENT
Edition statement 2nd ed
260 ## - PUBLICATION, DISTRIBUTION, ETC. (IMPRINT)
Place of publication, distribution, etc. London :
Name of publisher, distributor, etc. Routledge,
Date of publication, distribution, etc. 1992
300 ## - PHYSICAL DESCRIPTION
Pagination 283 p. :
Illustrations ill. ;
Size 22 cm
500 ## - GENERAL NOTE
General note First published: London : Hutchinson, 1986
504 ## - BIBLIOGRAPHY, ETC. NOTE
Bibliography, etc Includes bibliography and index
651 #0 - SUBJECT ADDED ENTRY--GEOGRAPHIC NAME
Geographic name Europe, Eastern
General subdivision History
9 (RLIN) 189611
942 ## - ADDED ENTRY ELEMENTS (KOHA)
Source of classification or shelving scheme Dewey Decimal Classification
Koha item type Books
Holdings
Lost status Source of classification or shelving scheme Damaged status Not for loan Collection code Permanent Location Current Location Shelving location Date acquired Source of acquisition Cost, normal purchase price Total Checkouts Full call number Date last seen Copy number Koha item type
  Dewey Decimal Classification   Not For Loan Non-fiction Central Library, University of Rajshahi Central Library, University of Rajshahi Reading Room 14/08/1997 Paragon Enterprises Dhaka 14.99   947.06 OKE 1992 04/02/2017 C-1 Books
  Dewey Decimal Classification     Non-fiction Central Library, University of Rajshahi Central Library, University of Rajshahi   14/08/1997 Paragogn Enterprise, Dhaka 14.99   947.06 OKE 1992 05/02/2017 C-2 Books